Normal view MARC view
  • MS Computer Science.

Entry Topical Term

Number of records used in: 156

001 - CONTROL NUMBER

  • control field: 26780

003 - CONTROL NUMBER IDENTIFIER

  • control field: NUST

005 - DATE AND TIME OF LATEST TRANSACTION

  • control field: 20191212105019.0

008 - FIXED-LENGTH DATA ELEMENTS

  • fixed length control field: 191212|| aca||aabn | a|a d

040 ## - CATALOGING SOURCE

  • Original cataloging agency: NUST
  • Transcribing agency: NUST

150 ## - HEADING--TOPICAL TERM

  • Topical term or geographic name entry element: MS Computer Science.

670 ## - SOURCE DATA FOUND

  • Source citation: Work cat.: (NUST): Muhammad Majid Sharif. 26779, Extraction and Analysis of RPE later from OCT Images for Detection of Age Related Macular Degeneration /, 2018.
© 2023 Central Library, National University of Sciences and Technology. All Rights Reserved.